00815nam a2200229 a 45000010005000000030008000050050017000130080041000300350014000710350018000850400027001030410008001300820026001381000025001642450132001892600032003213000021003535000084003745040027004586510052004856510048005372575BD-RjUL20211208233601.0131212t19661962nyu 000 0 eng d a(BD-RjUL) a(BD-RjUL)2620 aANLbengcANLdBD-RjUL aeng04a338.967216bDUF 19661 aDumont, Rene,d1904-10aFalse start in Africa /ctranslated by Phyllis Nauts Ott ; introd. by Thomas Balogh ; with an additional chapter by John Hatch. aNew York :bPraeger,c1966. a320 p. ;c22 cm. aOriginally published in French under the title: L'Afrique noire est mal partie. aIncludes bibliography. 0aAfrica, Sub-SaharanxEconomic conditionsy1918- 0aAfrica, CentralxEconomic conditionsy1918-